Contribuiė̳s regime jurd̕ico, destinaȯ̂ e controle

Bibliographic Details
Main Author: Ayres Barreto, Paulo
Format: eBook
Language:Portuguese
Published: San Pablo: Editora Noeses, 2020
Subjects:
Online Access:Acceso restringido

MARC

LEADER 00000nam a22000007a 4500
005 20210414222338.0
007 cr|||| ||||
008 210414s2020 br |||||s|||| 00||0 por d
020 |a 978-85-8310-135-2 
035 |a 32356 
040 |a vLex 
090 |c 11457  |d 11457 
100 1 |a Ayres Barreto, Paulo 
245 1 0 |a Contribuiė̳s regime jurd̕ico, destinaȯ̂ e controle  |h [Recurso electrn̤ico] /  |c Paulo Ayres Barreto 
256 |a Servicio en ln̕ea 
260 |a San Pablo:  |b Editora Noeses,  |c 2020 
300 |a 1 recurso electrn̤ico 
506 1 |a Disponible solo en los productos indicados  |d vLex Global  |d vLex Global (Academic Edition, excluding Law Schools)  |d vLex Global (U.S. Academic Edition, Law Schools)  |d vLex Global (U.S. Academic Edition, excluding Law Schools)  |d vLex Global (Academic Edition, Law Schools) 
650 0 4 |a Derecho Fiscal  |z Brasil 
740 0 |a vLex Libros (Servicio en ln̕ea) 
856 4 0 |u https://vlex.com/source/contribui-es-regime-juridico-destina-o-controle-32356  |z Acceso restringido 
942 |c BOOK 
999 0 |a Tax Law